South American Cities - Statistics

General Stats
  • This quiz has been taken 31 times
    18 since last reset
  • The average score is 94 of 128
Answer Stats
Question Tile Select % Correct
Capital city and also the most populous city in the country Bahía Blanca No
100%
Capital city Buenos Aires Yes
100%
Capital city and also the most populous city in the country Cali No
100%
Capital city Campinas No
100%
Capital city and also the most populous city in the country Caracas Yes
100%
Capital city and also the most populous city in the country Cuenca No
100%
Capital city Cuiabá No
100%
Capital city Florianópolis No
100%
Capital city Mendoza No
100%
Capital city Porto Alegre No
100%
Capital city Rio de Janeiro No
100%
Capital city Salvador No
100%
Capital city Santa Marta No
100%
Capital city Valdívia No
100%
Capital city and also the most populous city in the country Valdívia No
100%
Capital city and also the most populous city in the country Valparaiso No
100%
Capital city and also the most populous city in the country Bogotá Yes
94%
Capital city Brasília Yes
94%
Capital city Caracas Yes
94%
Capital city Lima Yes
94%
Capital city and also the most populous city in the country Lima Yes
94%
Capital city and also the most populous city in the country Medellín No
94%
Capital city Quito Yes
94%
Capital city and also the most populous city in the country Rio de Janeiro No
94%
Capital city and also the most populous city in the country Santiago Yes
94%
City in Brazil Arequipa No
88%
City in Brazil Bariloche No
88%
City in the Southern Hemisphere Barranquilla No
88%
Capital city Bogotá Yes
88%
City in Brazil Bucaramanga No
88%
City in the Southern Hemisphere Cali No
88%
City in the Southern Hemisphere Caracas No
88%
City in Brazil Cuenca No
88%
City in the Southern Hemisphere Georgetown No
88%
City in Brazil Iquique No
88%
City in Argentina Iquique No
88%
City in Brazil Jujuy No
88%
Seashore city Manaus No
88%
Capital city and also the most populous city in the country Maracaibo No
88%
City in the Southern Hemisphere Medellín No
88%
Seashore city Mendoza No
88%
Capital city and also the most populous city in the country Montevideo Yes
88%
City in Brazil Paramaribo No
88%
City in Brazil Potosí No
88%
City in Argentina Quito No
88%
City in Argentina Santiago No
88%
City in Argentina Sucre No
88%
City in the Southern Hemisphere Asunción Yes
81%
Seashore city Cali No
81%
City in Argentina Cochabamba No
81%
City in Argentina Cuiabá No
81%
City that produces wine Fortaleza No
81%
Seashore city La Paz No
81%
City in Argentina Maracaibo No
81%
City in the Southern Hemisphere Maracay No
81%
Capital city of a country that has Amazon rainforest in its territory Medellín No
81%
Capital city of a country that has Amazon rainforest in its territory Mendoza No
81%
Capital city of a country that has Amazon rainforest in its territory Montevideo No
81%
City in the Southern Hemisphere Paramaribo No
81%
City in Argentina Puno No
81%
Capital city of a country that has Amazon rainforest in its territory Rio de Janeiro No
81%
Capital city of a country that has Amazon rainforest in its territory Santiago No
81%
City in the Southern Hemisphere Boa Vista No
75%
Capital city and also the most populous city in the country Brasília No
75%
Capital city of a country that has Amazon rainforest in its territory Cali No
75%
City that produces wine Cochabamba No
75%
Capital city of a country that has Amazon rainforest in its territory Cuzco No
75%
Capital city Georgetown Yes
75%
Capital city of a country that has Amazon rainforest in its territory Guayaquil No
75%
City in Brazil João Pessoa Yes
75%
City in Argentina Manta No
75%
City in the Southern Hemisphere Maracaibo No
75%
Capital city of a country that has Amazon rainforest in its territory Maracaibo No
75%
City that produces wine Recife No
75%
City that produces wine Rio de Janeiro No
75%
City in the Southern Hemisphere São Paulo Yes
75%
City that produces wine Barranquilla No
69%
City in Brazil Belém Yes
69%
Capital city of a country that has Amazon rainforest in its territory Bogotá Yes
69%
City in Brazil Campinas Yes
69%
City that produces wine Caracas No
69%
Seashore city Fortaleza Yes
69%
City in Brazil Goiânia Yes
69%
Seashore city Medellín No
69%
City in Argentina Mendoza Yes
69%
City in Brazil Porto Alegre Yes
69%
Seashore city Quito No
69%
City in Brazil Recife Yes
69%
Seashore city Salvador Yes
69%
City that produces wine Santa Marta No
69%
Capital city of a country that has Amazon rainforest in its territory Brasília Yes
63%
City in Argentina Córdoba Yes
63%
City in Brazil Curitiba Yes
63%
City in Argentina La Plata Yes
63%
City that produces wine Lima No
63%
Seashore city Montevideo Yes
63%
City in Brazil Ouro Preto Yes
63%
City that produces wine Sucre No
63%
Seashore city Barranquilla Yes
56%
Seashore city Lima Yes
56%
Capital city of a country that has Amazon rainforest in its territory Lima Yes
56%
Seashore city Mar del Plata Yes
56%
Capital city of a country that has Amazon rainforest in its territory Quito Yes
56%
City in Argentina Bahía Blanca Yes
50%
Capital city of a country that has Amazon rainforest in its territory Caracas Yes
50%
City in Argentina Corrientes Yes
50%
Capital city and also the most populous city in the country La Paz No
50%
Seashore city Porto Alegre No
50%
Capital city and also the most populous city in the country Quito No
50%
Seashore city Santiago No
50%
City in the Southern Hemisphere Valparaíso Yes
50%
City that produces wine Bento Gonçalves Yes
44%
Capital city of a country that has Amazon rainforest in its territory Georgetown Yes
44%
Seashore city Guayaquil Yes
44%
City that produces wine Montevideo Yes
44%
City in the Southern Hemisphere Salta Yes
44%
City that produces wine Santiago Yes
44%
City in Argentina Ushuaia Yes
44%
City that produces wine Buenos Aires No
38%
City in the Southern Hemisphere Cochabamba Yes
38%
City in the Southern Hemisphere Fortaleza Yes
38%
City that produces wine Mendoza Yes
38%
Capital city of a country that has Amazon rainforest in its territory Paramaribo Yes
38%
City that produces wine Catamarca Yes
31%
City in Argentina Jujuy Yes
31%
City in the Southern Hemisphere Manaus Yes
31%
Seashore city Maracaibo Yes
31%
City that produces wine Salta Yes
25%
No matching quizzes found
Score Distribution
Percent of People with Each Score
Percentile by Number Answered
Your Score History
You have not taken this quiz since the last reset